000 01510nam a22002535i 4500
001 160601
003 ES-MaACL
005 20230906212102.0
008 001030m18351842fr |||| | fre d
040 _aCCPB | B
_bspa
_cCCPB | B
080 _a327(460:44)"17"
080 _a327(44:460)"17"
245 0 0 _aNégociations relatives a la succession d'Espagne sous Louis XIV ou correspondances, mémoires, et actes diplomatiques concernant les prétentions et l'avénement de la maison de Bourbon au trone d'Espagne /
_caccompagnés d'un texte historique et précédés d'une introduction par M.Mignet.
260 _aParis :
_bImprimerie Royale,
_c1835-1842.
300 _a2 v. ;
_c26 cm.
490 1 _aCollection de documents inédits sur l'histoire de France. Première serie. Histoire politique
651 4 _aFrancia-
_xRelaciones-
_zEspaña-
_vHistoria.
_98716
651 4 _aEspaña-
_xRelaciones-
_zFrancia-
_vHistoria.
_98464
700 1 _aMignet, François- Auguste- Alexis.
_9129909
740 0 _aCorrespondances, mémoires et actes diplomatiques concernant les prétentions et l'avénement de la maison de Bourbon au trone d'Espagne.
830 0 _aCollection de documents inédits sur l'histoire de France. Première serie. Histoire politique
_9222059
852 _aES-MaACL
_jG-5989-90
_z-- Enc. hol.
_q-- Sólo T. I (XCIX, 552 p.) y T. II (650 p.)
_x-- Edic.: añadir T440 (Collection de documents inédits sur l'histoire de France. Première série : histoire politique)
999 _c160601
_d160601